Name the Disney Character. Quiz Stats

Quiz not verified by Sporcle

Challenge
Share
Tweet
Score 0/15 Timer 02:00
0 Plays Today
% Correct
Pete
85.8%
Goofy
81.1%
Jane
52.8%
Honey
51.9%
Disgust
49.1%
Elinor
47.2%
Carl
41.5%
Vanellope
34%
% Correct
Mushu
31.1%
Lumiere
30.2%
Kevin
29.2%
Gogo
28.3%
Eeyore
20.8%
Chip
16%
Chesire
11.3%

You're not logged in!

Compare scores with friends on all Sporcle quizzes.
Join for Free
OR
Log In

You Might Also Like...

Show Comments

Extras

Top Quizzes Today


Score Distribution

Your Account Isn't Verified!

In order to create a playlist on Sporcle, you need to verify the email address you used during registration. Go to your Sporcle Settings to finish the process.

Report this User

Report this user for behavior that violates our Community Guidelines.

Details: